Text book of hydraulic machines (Record no. 10732)

000 -LEADER
fixed length control field 00441nam a22001817a 4500
001 - CONTROL NUMBER
control field 10732
003 - CONTROL NUMBER IDENTIFIER
control field BD-DhUET
008 - FIXED-LENGTH DATA ELEMENTS--GENERAL INFORMATION
fixed length control field 150209b xxu||||| |||| 00| 0 eng d
040 ## - CATALOGING SOURCE
Transcribing agency 0
Modifying agency BD-DhUET
082 ## - DEWEY DECIMAL CLASSIFICATION NUMBER
Classification number 621.2
Item number KHU/1985
100 ## - MAIN ENTRY--PERSONAL NAME
Personal name Khurmi, R. S.
245 ## - TITLE STATEMENT
Title Text book of hydraulic machines
250 ## - EDITION STATEMENT
Edition statement 14th ed.
260 ## - PUBLICATION, DISTRIBUTION, ETC. (IMPRINT)
Place of publication, distribution, etc. New Delhi
Name of publisher, distributor, etc. S. Chand
Date of publication, distribution, etc. 1985
300 ## - PHYSICAL DESCRIPTION
Extent vii, v.p.
Other physical details ill.
650 #0 - SUBJECT ADDED ENTRY--TOPICAL TERM
Topical term or geographic name as entry element Hydraulic Machines
942 ## - ADDED ENTRY ELEMENTS (KOHA)
Koha item type General Book
Holdings
Price effective from Shelving location Copy number Koha full call number Damaged status Location (home branch) Koha normalized classification for sorting Piece designation (barcode) Sublocation or collection (holding branch) Source of classification or shelving scheme Date acquired Koha date last seen Koha item type Withdrawn status Lost status Not for loan
2015-02-09Circulation section1621.2/KHU/1985 Central Library, BUET621_200000000000000_KHU_198564129Central Library, BUET 2015-02-092015-02-09General Book   
2015-02-09Circulation section2621.2/KHU/1985 Central Library, BUET621_200000000000000_KHU_198564154Central Library, BUET 2015-02-092015-02-09General Book   
2015-02-09Circulation section3621.2/KHU/1985 Central Library, BUET621_200000000000000_KHU_198564142Central Library, BUET 2015-02-092015-02-09General Book   
2015-02-09Circulation section4621.2/KHU/1985 Central Library, BUET621_200000000000000_KHU_198556685Central Library, BUET 2015-02-092015-02-09General Book   
2015-02-09Circulation section5621.2/KHU/1985 Central Library, BUET621_200000000000000_KHU_198564155Central Library, BUET 2015-02-092015-06-22General Book   
2015-02-09Circulation section6621.2/KHU/1985 Central Library, BUET621_200000000000000_KHU_198564132Central Library, BUET 2015-02-092015-02-09General Book   
2015-02-09Circulation section7621.2/KHU/1985 Central Library, BUET621_200000000000000_KHU_198564136Central Library, BUET 2015-02-092015-02-09General Book   
2015-02-09Circulation section8621.2/KHU/1985 Central Library, BUET621_200000000000000_KHU_198564153Central Library, BUET 2015-02-092015-02-09General Book   
2015-02-09Circulation section9621.2/KHU/1985 Central Library, BUET621_200000000000000_KHU_198564134Central Library, BUET 2015-02-092015-02-09General Book   
2015-02-09Circulation section10621.2/KHU/1985 Central Library, BUET621_200000000000000_KHU_198564150Central Library, BUET 2015-02-092015-02-09General Book   
2015-02-09Circulation section11621.2/KHU/1985 Central Library, BUET621_200000000000000_KHU_198564137Central Library, BUET 2015-02-092015-02-09General Book   
2015-02-09Circulation section12621.2/KHU/1985 Central Library, BUET621_200000000000000_KHU_198564139Central Library, BUET 2015-02-092015-02-09General Book